000 01044nam a2200301Ia 4500
020 _a(hb)
082 _a628.1
_bNAZ
_cL-26, P-16
100 _aNazir Ahmad
_944056
245 _aTubewell:
_btheory and practice
260 _aLahore:
_bThe Author,
_c19-?
300 _aPages vary :ill.
_c28 cm.
526 _a0
_b0
_c0
_d628_100000000000000_NAZ
526 _a0
_b0
_c0
_d628_100000000000000_NAZ
526 _a0
_b0
_c0
_d628_100000000000000_NAZ
526 _a0
_b0
_c0
_d628_100000000000000_NAZ
526 _a0
_b0
_c0
_d628_100000000000000_NAZ
526 _a0
_b0
_c0
_d628_100000000000000_NAZ
526 _a0
_b0
_c0
_d628_100000000000000_NAZ
526 _a0
_b0
_c0
_d628_100000000000000_NAZ
526 _a0
_b0
_c0
_d628_100000000000000_NAZ
526 _a0
_b0
_c0
_d628_100000000000000_NAZ
526 _a0
_b0
_c0
_d628_100000000000000_NAZ
526 _a0
_b0
_c0
_d628_100000000000000_NAZ
526 _a0
_b0
_c0
_d628_100000000000000_NAZ
526 _a0
_b0
_c0
_d628_100000000000000_NAZ
650 _aWells -- Study and Teaching
_944242
942 _2ddc
_cBK
999 _c548077
_d548077